Digital sociology /

"We now live in a digital society. New digital technologies have had a profound influence on everyday life, social relations, government, commerce, the economy and the production and dissemination of knowledge. People's movements in space, their purchasing habits and their online communica...

Ausführliche Beschreibung

Bibliographische Detailangaben
1. Verfasser: Lupton, Deborah
Format: Buch
Sprache:English
Veröffentlicht: Abingdon, Oxon : Routledge, Taylor & Francis Group, 2015.
Schlagworte:
Classic Catalogue: View this record in Classic Catalogue
LEADER 05878nam a2200445 i 4500
001 45335
003 BD-DhAAL
005 20260205122113.0
008 140428t2015 enk b 001 0 eng
010 |a  2014014299 
020 |a 9781138022768 
020 |a 9781138022775 
020 |a 9781315776880 (ebook) 
035 |a 18131313 
040 |a DLC  |b eng  |c DLC  |e rda  |d DLC  |d BD-DhAAL 
042 |a pcc 
050 0 0 |a HM851  |b .L864 2015 
082 0 0 |a 302.231  |2 23 
100 1 |a Lupton, Deborah.  |9 60239 
245 1 0 |a Digital sociology /  |c Deborah Lupton. 
260 |a Abingdon, Oxon :  |b Routledge, Taylor & Francis Group,  |c 2015. 
300 |a v, 230 pages ;  |c 25 cm 
504 |a Includes bibliographical references (pages 194-219) and index. 
520 |a "We now live in a digital society. New digital technologies have had a profound influence on everyday life, social relations, government, commerce, the economy and the production and dissemination of knowledge. People's movements in space, their purchasing habits and their online communication with others are now monitored in detail by digital technologies. We are increasingly becoming digital data subjects, whether we like it or not, and whether we choose this or not.The sub-discipline of digital sociology provides a means by which the impact, development and use of these technologies and their incorporation into social worlds, social institutions and concepts of selfhood and embodiment may be investigated, analysed and understood. This book introduces a range of interesting social, cultural and political dimensions of digital society and discusses some of the important debates occurring in research and scholarship on these aspects. It covers the new knowledge economy and big data, reconceptualising research in the digital era, the digitisation of higher education, the diversity of digital use, digital politics and citizen digital engagement, the politics of surveillance, privacy issues, the contribution of digital devices to embodiment and concepts of selfhood and many other topics.Digital Sociology is essential reading not only for students and academics in sociology, anthropology, media and communication, digital cultures, digital humanities, internet studies, science and technology studies, cultural geography and social computing, but for other readers interested in the social impact of digital technologies. "-- 
520 |a "New digital media technologies have had a profound influence on everyday life and social relations for many people in developed societies, and increasingly in developing societies. Preschools and child-care centres are now starting to advertise that they offer tablet computers as part of their facilities. At the other end of the lifespan, Wiis are used to support mobility for the residents of aged care facilities and social media and self-tracking devices are being introduced to older people to assist them in living independently. Digital technologies are also increasingly used for political purposes, including social activism, as well for criminal activities. Digital sociology provides a means by which the impact, development and use of these technologies and their incorporation into social worlds and concepts of selfhood may be investigated, analysed and understood"-- 
526 8 |a ESS  |x K.M. Arefin Kamal, PhD Assistant Professor Department of Economics and Social Sciences 
541 1 |a Hye Trade International  |e 45335, 45336, 45337, 45338, 45339 
650 0 |a Digital media  |x Social aspects.  |9 43637 
650 0 |a Sociology. 
650 0 |a Technology  |x Sociological aspects.  |9 60240 
650 0 |a Social Science. 
650 7 |a SOCIAL SCIENCE / General.  |9 20587 
650 7 |a SOCIAL SCIENCE / Sociology / General. 
942 |2 ddc  |c BK 
999 |c 47718  |d 47718 
952 |0 0  |1 0  |2 ddc  |4 0  |6 302_231000000000000_LUP  |7 0  |9 78758  |a BRACUL  |b BRACUL  |c GEN  |d 2026-01-29  |e Hye Trade International  |g 5899.00  |l 0  |o 302.231 LUP  |p 3010045339  |r 2026-01-29  |t 5  |v 11798.00  |w 2026-01-29  |y BK  |x Requisitioned by K.M. Arefin Kamal, PhD (Assistant Professor, Department of Economics and Social Sciences, BRAC University) for the course named - Microeconomic Analysis Objectives(ECO 301) 
952 |0 0  |1 0  |2 ddc  |4 0  |6 302_231000000000000_LUP  |7 0  |9 78759  |a BRACUL  |b BRACUL  |c CIR  |d 2026-01-29  |e Hye Trade International  |g 5899.00  |l 0  |o 302.231 LUP  |p 3010045335  |r 2026-01-29  |t 1  |v 11798.00  |w 2026-01-29  |y 1HOUR  |x Requisitioned by K.M. Arefin Kamal, PhD (Assistant Professor, Department of Economics and Social Sciences, BRAC University) for the course named - Microeconomic Analysis Objectives(ECO 301); As instructed by the University Librarian, the book has been placed on a one-hour loan period following the receipt of five copies. 
952 |0 0  |1 0  |2 ddc  |4 0  |6 302_231000000000000_LUP  |7 0  |9 78760  |a BRACUL  |b BRACUL  |c NEW  |d 2026-01-29  |e Hye Trade International  |g 5899.00  |l 0  |o 302.231 LUP  |p 3010045336  |r 2026-01-29  |t 2  |v 11798.00  |w 2026-01-29  |y BK  |x Requisitioned by K.M. Arefin Kamal, PhD (Assistant Professor, Department of Economics and Social Sciences, BRAC University) for the course named - Microeconomic Analysis Objectives(ECO 301) 
952 |0 0  |1 0  |2 ddc  |4 0  |6 302_231000000000000_LUP  |7 0  |9 78761  |a BRACUL  |b BRACUL  |c GEN  |d 2026-01-29  |e Hye Trade International  |g 5899.00  |l 0  |o 302.231 LUP  |p 3010045338  |r 2026-01-29  |t 4  |v 11798.00  |w 2026-01-29  |y BK  |x Requisitioned by K.M. Arefin Kamal, PhD (Assistant Professor, Department of Economics and Social Sciences, BRAC University) for the course named - Microeconomic Analysis Objectives(ECO 301) 
952 |0 0  |1 0  |2 ddc  |4 0  |6 302_231000000000000_LUP  |7 0  |9 78762  |a BRACUL  |b BRACUL  |c GEN  |d 2026-01-29  |e Hye Trade International  |g 5899.00  |l 0  |o 302.231 LUP  |p 3010045337  |r 2026-01-29  |t 3  |v 11798.00  |w 2026-01-29  |y BK  |x Requisitioned by K.M. Arefin Kamal, PhD (Assistant Professor, Department of Economics and Social Sciences, BRAC University) for the course named - Microeconomic Analysis Objectives(ECO 301)